Solid-liquid equilibrium data collection : Binary systems
Saved in:
| Main Author: | |
|---|---|
| Other Authors: | , |
| Format: | Book |
| Language: | English |
| Published: |
Frankfurt am Main :
DECHEMA,
1987.
|
| Series: | Chemistry data series ;
v. 8, pt. 1, etc. |
| Subjects: | |
| Online Access: | View in OPAC |
| Tags: |
No Tags, Be the first to tag this record!
|
MARC
| LEADER | 00000nam a2200000 a 4500 | ||
|---|---|---|---|
| 001 | 2463747 | ||
| 003 | SK-BrSCK | ||
| 005 | 20260127134425.0 | ||
| 008 | 891208m19879999gw a b 000 0 eng | ||
| 010 | |a 89214911 | ||
| 020 | |a 3921567750 (v. 1) | ||
| 040 | |a DLC |c DLC |b eng |d SK-BrSCK | ||
| 082 | 0 | 0 | |a 541.3/63 |2 20 |
| 100 | 1 | |a Knapp, H. |q (Helmut) | |
| 245 | 1 | 0 | |a Solid-liquid equilibrium data collection : |c /H. Knapp, M. Teller, R. Langhorst. |b Binary systems |
| 260 | |a Frankfurt am Main : |b DECHEMA, |c 1987. | ||
| 300 | |a lxxvi, 474 p.: |b ill. ; |c 25 cm. | ||
| 490 | 1 | |a Chemistry data series ; |v vol. VIII, part 1 | |
| 504 | |a Includes bibliographical references (v. 1, p. lxx). | ||
| 650 | 0 | |a Solid-liquid equilibrium |x Tables. | |
| 700 | 1 | |a Teller, M. |q (Matthias) | |
| 700 | 1 | |a Langhorst, R. |q (Ralph) | |
| 830 | 0 | |a Chemistry data series ; |v v. 8, pt. 1, etc. | |
| 906 | |a 7 |b cbc |c orignew |d 2 |e ncip |f 19 |g y-gencatlg | ||
| 942 | |2 udc |c 14 | ||
| 999 | |c 12455 |d 12455 | ||